Normal view MARC view
  • Businesspeople

Entry Topical Term

Number of records used in: 1

001 - CONTROL NUMBER

  • control field: 126503

003 - CONTROL NUMBER IDENTIFIER

  • control field: DLC

005 - DATE AND TIME OF LATEST TRANSACTION

  • control field: 20200104160241.0

008 - FIXED-LENGTH DATA ELEMENTS

  • fixed length control field: 090615|| anannbabn |n ana

010 ## - LIBRARY OF CONGRESS CONTROL NUMBER

  • LC control number: sh2009118102

040 ## - CATALOGING SOURCE

  • Original cataloging agency: DLC
  • Language of cataloging: eng
  • Description conventions: rda
  • Transcribing agency: DLC
  • Modifying agency: TR-AnTOB

150 ## - HEADING--TOPICAL TERM

  • Topical term or geographic name entry element: Businesspeople
  • Geographic subdivision: Germany
  • Form subdivision: Biography

450 ## - SEE FROM TRACING--TOPICAL TERM

  • Topical term or geographic name entry element: İş adamları
  • Geographic subdivision: Almanya
  • Form subdivision: Biyografi

670 ## - SOURCE DATA FOUND

  • Source citation: Work cat.: Schein und Wirklichkeit, 1998

750 ## - ESTABLISHED HEADING LINKING ENTRY--TOPICAL TERM

  • Authority record control number or standard number: https://lccn.loc.gov/sh2009118102
  • Source of heading or term: lcsh

750 ## - ESTABLISHED HEADING LINKING ENTRY--TOPICAL TERM

  • Topical term or geographic name entry element: İş adamları
  • Geographic subdivision: Almanya
  • Form subdivision: Biyografi
  • Source of heading or term: etuturkob
Devinim Yazılım Eğitim Danışmanlık tarafından Koha'nın orjinal sürümü uyarlanarak geliştirilip kurulmuştur.